[Event "World Blitz 2025"]
[Site "Doha QAT"]
[Date "2025.12.29"]
[Round "4.40"]
[White "Vetokhin, Savva"]
[Black "Dardha, Daniel"]
[Result "1/2-1/2"]
[WhiteTitle "GM"]
[BlackTitle "GM"]
[WhiteElo "2572"]
[BlackElo "2603"]
[WhiteFideId "44144474"]
[BlackFideId "240990"]
[EventDate "2025.12.29"]

1. d4 Nf6 2. c4 e6 3. Nc3 d5 4. cxd5 Nxd5 5. e4 Nxc3 6. bxc3 c5 7. Rb1 Be7 8.
Nf3 O-O 9. h4 b6 10. h5 h6 11. Rh3 Bb7 12. Bd3 cxd4 13. cxd4 Nd7 14. Bf4 e5 15.
Nxe5 Nxe5 16. Bxe5 f6 17. Bf4 Qxd4 18. Be3 Qe5 19. Qg4 Bc8 20. Qg6 Bxh3 21. gxh3
f5 22. exf5 Rf6 23. Qg3 Qc3+ 24. Ke2 Bc5 25. Rc1 Qa3 26. Bf4 Re8+ 27. Kf1 Bd6
28. Bc4+ Kh8 29. Rc3 Bxf4 30. Rxa3 Bxg3 31. fxg3 Rxf5+ 32. Kg2 Ra5 33. Rd3 Rc5
34. Bb3 Rf8 35. g4 Rc7 36. Rd6 Kh7 37. Kg3 Rc3+ 38. Kg2 Rff3 39. Bc2+ Rxc2+ 40.
Kxf3 Rxa2 41. h4 Ra3+ 42. Kf4 Ra4+ 43. Kg3 Kg8 44. g5 Ra3+ 45. Kg4 hxg5 46. hxg5
Kh7 47. Rd8 Ra4+ 48. Kf5 Ra5+ 49. Kf4 Ra4+ 50. Kf3 a5 51. Rd7 Kg8 52. g6 Kf8 53.
Rd8+ Ke7 54. h6 gxh6 55. g7 Kxd8 56. g8=Q+ Kc7 57. Qf7+ Kd6 58. Qf8+ Kd5 59.
Qd8+ Kc5 60. Qc7+ Kb5 61. Qd7+ Kb4 62. Qd6+ Kb5 63. Qd7+ Kb4 64. Ke4 Kc5+ 65.
Kd3 Rb4 66. Qc7+ Kb5 67. Kc3 h5 68. Qd7+ Ka6 69. Qd3+ Kb7 70. Qh7+ Ka6 71. Qxh5
Kb7 72. Qf7+ Ka6 73. Qc7 Rb1 74. Qc8+ Ka7 75. Kd4 Rd1+ 76. Ke4 Re1+ 77. Kd3 Rd1+
78. Kc2 Ra1 79. Qd7+ Ka6 80. Qd3+ Ka7 81. Kb2 Rg1 82. Qd7+ Ka6 83. Qc8+ Ka7 84.
Kb3 Rb1+ 85. Ka3 Ra1+ 86. Kb2 Rg1 87. Kc2 Rg2+ 88. Kc3 Rg1 89. Qd7+ Ka6 90. Qd3+
Ka7 91. Qe3 Rb1 92. Qe7+ Ka6 93. Qe2+ Ka7 94. Kc4 Rc1+ 95. Kd5 Rc5+ 96. Kd6 Kb7
97. Qe4+ Ka7 98. Kd7 Ka6 99. Kd6 Ka7 100. Qd3 Kb7 101. Qe2 Rc6+ 102. Kd5 Rc5+
103. Kd4 Ka7 104. Qa2 Ka6 105. Qg8 Kb7 106. Qf7+ Rc7 107. Qf3+ Ka7 108. Qb3 Rc5
109. Qf7+ 1/2-1/2

[Event "World Blitz 2025"]
[Site "Doha QAT"]
[Date "2025.12.29"]
[Round "4.41"]
[White "Mitrabha, Guha"]
[Black "Maksimovic, Bojan"]
[Result "0-1"]
[WhiteTitle "GM"]
[BlackTitle "GM"]
[WhiteElo "2508"]
[BlackElo "2533"]
[WhiteFideId "5057000"]
[BlackFideId "14408120"]
[EventDate "2025.12.29"]

1. Nf3 Nf6 2. c4 g6 3. g3 Bg7 4. Bg2 O-O 5. O-O Re8 6. Nc3 d6 7. d3 a5 8. Rb1 e5
9. a3 h6 10. e4 Bg4 11. Be3 Nc6 12. h3 Bxf3 13. Bxf3 Nd7 14. Bg2 Nc5 15. b4 axb4
16. axb4 Ne6 17. Qd2 Ncd4 18. f4 Ra3 19. Kh2 exf4 20. gxf4 Rxc3 21. f5 gxf5 22.
exf5 Ng5 23. Rbe1 Be5+ 24. Kh1 Nc2 25. Re2 Nxe3 26. Rxe3 Bd4 27. Rg3 Kh8 28. f6
Bxf6 29. h4 Nh7 30. Qxh6 Rc2 31. Be4 Rxe4 32. dxe4 Qe7 33. Rg4 Qe5 34. Qf4 Qxf4
35. Rgxf4 Rxc4 36. Rxf6 Nxf6 37. Rxf6 Kg7 38. Rf4 Rxb4 39. Kg2 d5 40. Rg4+ Kf8
41. Rg5 Rxe4 42. h5 c6 43. Kg3 Re1 44. Kg2 Re6 45. Kf3 b5 46. Rg1 Re4 47. Kg3
Kg7 48. Rf1 b4 49. h6+ Kxh6 50. Rf6+ Kg5 51. Rxc6 f5 52. Kf3 d4 53. Rb6 b3 54.
Kf2 Re3 55. Rb4 Rh3 56. Kg2 Rd3 57. Kf2 Kf4 58. Ke2 Ke4 59. Rb8 Re3+ 60. Kd2 Rh3
61. Re8+ Kf4 62. Rd8 Rh2+ 63. Kd3 b2 64. Rxd4+ Kg3 65. Rb4 f4 66. Rb8 f3 67.
Rg8+ Kf2 68. Kc2 Ke3+ 69. Kb1 Rh1+ 70. Kxb2 f2 0-1

[Event "World Blitz 2025"]
[Site "Doha QAT"]
[Date "2025.12.29"]
[Round "4.42"]
[White "Sahidi, Samir"]
[Black "Matlakov, Maxim"]
[Result "0-1"]
[WhiteTitle "IM"]
[BlackTitle "GM"]
[WhiteElo "2516"]
[BlackElo "2606"]
[WhiteFideId "14936372"]
[BlackFideId "4168003"]
[EventDate "2025.12.29"]

1. c4 c6 2. d4 d5 3. Nf3 Nf6 4. cxd5 cxd5 5. Nc3 Nc6 6. Bf4 a6 7. Rc1 Bf5 8. a3
e6 9. e3 Be7 10. Be2 O-O 11. O-O h6 12. h3 Rc8 13. Na4 Ne4 14. Nd2 Bd6 15. Nxe4
Bxf4 16. Nec5 Bb8 17. Bd3 Qd6 18. f4 Bxd3 19. Nxd3 Ne7 20. Qd2 Nf5 21. Rxc8 Rxc8
22. Rc1 Rc6 23. Kf2 Rxc1 24. Qxc1 Qd8 25. Nac5 Qh4+ 26. Ke2 Qg3 27. Qg1 g5 28.
Qf2 gxf4 29. Nxf4 Bxf4 30. exf4 b6 31. Nd3 Qxf2+ 32. Kxf2 Nxd4 33. g4 Nc6 34.
Ke3 f6 35. h4 Kf7 36. a4 a5 37. Nf2 e5 38. fxe5 fxe5 39. Nd3 Ke6 40. Ne1 Nb4 41.
Nf3 Nc2+ 42. Kd2 e4 43. Ng1 Nd4 44. g5 hxg5 45. hxg5 Kf5 46. Ke3 Ne6 47. Ne2
Kxg5 48. Nc3 d4+ 49. Kxe4 dxc3 50. bxc3 Nc5+ 51. Kd4 Nxa4 52. Kc4 Nxc3 0-1

[Event "World Blitz 2025"]
[Site "Doha QAT"]
[Date "2025.12.29"]
[Round "4.43"]
[White "Ibarra Jerez, Jose Carlos"]
[Black "Karthik, Venkataraman"]
[Result "0-1"]
[WhiteTitle "GM"]
[BlackTitle "GM"]
[WhiteElo "2532"]
[BlackElo "2589"]
[WhiteFideId "2226332"]
[BlackFideId "25006479"]
[EventDate "2025.12.29"]

1. e4 c5 2. Nf3 d6 3. c3 Nf6 4. h3 Nc6 5. Bd3 e5 6. Bc2 d5 7. exd5 Qxd5 8. Qe2
Be7 9. d3 O-O 10. O-O Re8 11. Ng5 Qd6 12. Bb3 Nd8 13. Nd2 Bf8 14. Nc4 Qc7 15.
Re1 h6 16. Nf3 e4 17. dxe4 Rxe4 18. Be3 b5 19. Ncd2 Re8 20. Qxb5 Rb8 21. Qa4 Ne6
22. Rad1 Bd7 23. Qh4 g5 24. Nxg5 hxg5 25. Bxg5 Nxg5 26. Qxg5+ Bg7 27. Nc4 Rxe1+
28. Rxe1 Re8 29. Ne5 Be6 30. Ba4 Rb8 31. b3 Rd8 32. Bb5 Nh7 33. Qg3 Rd2 34. a4
Qd6 35. Kh2 Bxb3 36. c4 Bc2 37. Be8 f6 38. Bf7+ Kf8 39. Ng6+ Kxf7 40. Re7+ Kg8
41. Re8+ Nf8 42. Nf4 Rd4 43. Kh1 Qxf4 44. Qxf4 Rxf4 0-1

[Event "World Blitz 2025"]
[Site "Doha QAT"]
[Date "2025.12.29"]
[Round "4.44"]
[White "Drygalov, Sergey"]
[Black "Amin, Bassem"]
[Result "1/2-1/2"]
[WhiteTitle "GM"]
[BlackTitle "GM"]
[WhiteElo "2571"]
[BlackElo "2626"]
[WhiteFideId "24171743"]
[BlackFideId "10601457"]
[EventDate "2025.12.29"]

1. d4 Nf6 2. c4 g6 3. Nc3 Bg7 4. e4 d6 5. Nf3 O-O 6. Be2 e5 7. O-O Re8 8. d5 a5
9. Bg5 h6 10. Bh4 Na6 11. Nd2 Bd7 12. b3 Rf8 13. a3 Qe8 14. Rb1 Nc5 15. Qc2 h5
16. f3 Nh7 17. Bf2 Bh6 18. b4 axb4 19. axb4 Na4 20. Ra1 Nxc3 21. Qxc3 Rb8 22. c5
f5 23. Nc4 Rf6 24. cxd6 cxd6 25. Nb6 Bb5 26. Bxb5 Qxb5 27. Qc7 Rbf8 28. exf5
Qxb4 29. Rab1 Qa5 30. Qxb7 Rxf5 31. Nd7 R5f7 32. Qc6 Rd8 33. Bb6 Be3+ 34. Bxe3
Rdxd7 35. Rb8+ Kg7 36. Ra8 Qb4 37. Qc1 Nf6 38. Qc8 g5 39. Bxg5 Qc5+ 40. Qxc5
dxc5 41. Rc8 Rxd5 42. Rc1 Nd7 43. Be3 e4 44. fxe4 Re5 45. Bxc5 Rxe4 46. Bf2 Ne5
47. R8c3 Ng4 48. Rf3 Nxf2 49. Rxf7+ Kxf7 50. Kxf2 Kg6 51. Rc6+ Kg5 52. Rc5+ Kg6
53. Kf3 Ra4 54. g3 Ra2 55. h4 Ra3+ 56. Kg2 Ra2+ 57. Kh3 Rb2 58. Rg5+ Kh6 59. Re5
Kg6 60. Re1 Ra2 61. Rg1 Rb2 62. Rg2 Rb1 63. Kh2 Ra1 64. Rb2 Ra3 65. Kg2 Rc3 66.
Re2 Ra3 67. Kf2 Kf5 68. Re3 Ra1 69. Rb3 Kg6 70. Kf3 Rf1+ 71. Ke4 Re1+ 72. Re3
Ra1 73. Kf4 Rf1+ 74. Ke5 Ra1 75. Rd3 Ra5+ 76. Kf4 Ra4+ 77. Kf3 Rb4 78. Rd6+ Kg7
79. Re6 Ra4 80. Re4 Ra1 81. Rb4 Kg6 82. Rb6+ Kg7 83. Rd6 Ra4 84. Re6 Rb4 85. Re4
Rb1 86. Rd4 Kf6 87. Rd6+ Kg7 88. Kf4 Rb4+ 89. Kf3 1/2-1/2

[Event "World Blitz 2025"]
[Site "Doha QAT"]
[Date "2025.12.29"]
[Round "4.45"]
[White "Ponomariov, Ruslan"]
[Black "Chanda, Sandipan"]
[Result "1-0"]
[WhiteTitle "GM"]
[BlackTitle "GM"]
[WhiteElo "2639"]
[BlackElo "2490"]
[WhiteFideId "14103320"]
[BlackFideId "5004225"]
[EventDate "2025.12.29"]

1. Nf3 f5 2. g3 g6 3. Bg2 Bg7 4. d4 Nf6 5. O-O O-O 6. c4 e6 7. Nc3 d5 8. b3 Ne4
9. Qc2 c6 10. a4 a5 11. Ba3 Re8 12. e3 Nd7 13. Rfd1 Qf6 14. Rac1 g5 15. Ne1 h5
16. Nxe4 fxe4 17. f3 exf3 18. Nxf3 Bh6 19. Qd3 Qf5 20. Bd6 Qxd3 21. Rxd3 g4 22.
Ne5 Nxe5 23. dxe5 d4 24. Rf1 Bxe3+ 25. Kh1 Bd7 26. Be4 Rf8 27. Bxf8 Rxf8 28.
Rxf8+ Kxf8 29. Kg2 b5 30. c5 b4 31. Kf1 Kg7 32. Ke2 Kh6 33. Rd1 Bc8 34. Rf1 Ba6+
35. Bd3 Bxd3+ 36. Kxd3 Kg5 37. Ke4 h4 38. Rf8 h3 39. Rg8+ Kh5 40. Re8 Bg1 41.
Rxe6 Bxh2 42. Re8 Bxg3 43. Kf5 Kh6 44. e6 d3 45. e7 d2 46. Rh8+ Kg7 47. e8=Q 1-0

[Event "World Blitz 2025"]
[Site "Doha QAT"]
[Date "2025.12.29"]
[Round "4.46"]
[White "Shimanov, Aleksandr"]
[Black "Ahmad, Khagan"]
[Result "1-0"]
[WhiteTitle "GM"]
[BlackTitle "IM"]
[WhiteElo "2578"]
[BlackElo "2472"]
[WhiteFideId "4198603"]
[BlackFideId "13431552"]
[EventDate "2025.12.29"]

1. d4 Nf6 2. Bg5 d5 3. Nd2 c5 4. dxc5 e6 5. e4 Nc6 6. exd5 exd5 7. Nb3 Bxc5 8.
Nxc5 Qa5+ 9. c3 Qxc5 10. Bxf6 gxf6 11. Nf3 Bg4 12. Be2 O-O-O 13. O-O Rhg8 14.
Re1 Kb8 15. Qd2 Bxf3 16. Bxf3 Ne5 17. Be2 d4 18. cxd4 Rxd4 19. Qe3 Qd5 20. g3
Re4 21. Qb3 Qc6 22. Rec1 Qd7 23. Bf1 Rd4 24. Rc3 Rd2 25. Bg2 Ng4 26. Rf1 Rd8 27.
h3 Ne5 28. Rfc1 Rd1+ 29. Kh2 Rxc1 30. Rxc1 b6 31. f4 Qd2 32. Rc2 Nf3+ 33. Qxf3 1-0

[Event "World Blitz 2025"]
[Site "Doha QAT"]
[Date "2025.12.29"]
[Round "4.47"]
[White "Morris, James"]
[Black "Grandelius, Nils"]
[Result "0-1"]
[WhiteTitle "IM"]
[BlackTitle "GM"]
[WhiteElo "2422"]
[BlackElo "2664"]
[WhiteFideId "3205800"]
[BlackFideId "1710400"]
[EventDate "2025.12.29"]

1. e4 c5 2. Nf3 e6 3. b3 b6 4. Bb2 Bb7 5. Nc3 Nc6 6. g3 Nf6 7. Bg2 Be7 8. O-O
O-O 9. Re1 a6 10. e5 Ng4 11. d4 cxd4 12. Nxd4 Nh6 13. Nxc6 Bxc6 14. Ne4 Nf5 15.
Qd3 b5 16. Rad1 Rc8 17. c4 bxc4 18. Qxc4 Bb5 19. Nf6+ Bxf6 0-1

[Event "World Blitz 2025"]
[Site "Doha QAT"]
[Date "2025.12.29"]
[Round "4.48"]
[White "Raja, Rithvik R"]
[Black "Kevlishvili, Robby"]
[Result "1-0"]
[WhiteTitle "GM"]
[BlackTitle "GM"]
[WhiteElo "2541"]
[BlackElo "2527"]
[WhiteFideId "35007394"]
[BlackFideId "1040634"]
[EventDate "2025.12.29"]

1. Nf3 d5 2. g3 Nd7 3. d4 Ngf6 4. Bg2 e6 5. c4 b6 6. cxd5 exd5 7. O-O Bb7 8. Nc3
Be7 9. Bf4 c6 10. Ne5 O-O 11. Rc1 Rc8 12. e4 dxe4 13. Nxe4 Nd5 14. Bh3 f5 15.
Nc3 Nxe5 16. Bxe5 c5 17. dxc5 Nxc3 18. Rxc3 Bxc5 19. Rd3 Qe8 20. Rd7 Qxe5 21.
Qb3+ Kh8 22. Rxb7 Rcd8 23. Rxa7 f4 24. Kg2 fxg3 25. hxg3 Qf6 26. Qc2 Bd4 27. Ra4
Rc8 28. Bxc8 Qf3+ 29. Kh2 Bc5 30. Bh3 Re8 31. Rf4 Qh5 32. Qf5 Qe2 33. Kg2 h6 34.
Rf3 Qxb2 35. Qg6 1-0

[Event "World Blitz 2025"]
[Site "Doha QAT"]
[Date "2025.12.29"]
[Round "4.49"]
[White "Galaviz Medina, Sion Radamantys"]
[Black "Hovhannisyan, Robert"]
[Result "0-1"]
[WhiteTitle "IM"]
[BlackTitle "GM"]
[WhiteElo "2514"]
[BlackElo "2621"]
[WhiteFideId "5123119"]
[BlackFideId "13302507"]
[EventDate "2025.12.29"]

1. d4 Nf6 2. c4 e6 3. Nc3 d5 4. cxd5 exd5 5. Bg5 c6 6. e3 Bf5 7. Qf3 Bg6 8. Bxf6
Qxf6 9. Qxf6 gxf6 10. h4 Nd7 11. Nh3 Bd6 12. O-O-O Nb6 13. Bd3 a5 14. Ne2 a4 15.
Nhf4 Bxf4 16. Nxf4 Kd7 17. h5 Bxd3 18. Nxd3 Rhg8 19. g3 Nc4 20. Rh4 Rg5 21. Rdh1
h6 22. Rf4 Ke7 23. Kc2 Nd6 24. Nc5 f5 25. Nd3 Rg4 26. Kd2 Ne4+ 27. Ke2 Rxf4 28.
Nxf4 a3 29. b3 Nc3+ 30. Kd2 Ne4+ 31. Ke2 Kf6 32. Rc1 Kg5 33. Kf3 Ra6 34. Ke2 Kf6
35. f3 Nd6 36. Nd3 Ra8 37. Kf2 Kg5 38. Nf4 Nb5 39. Ke2 Nc7 40. Kf2 Na6 41. Nd3
Kxh5 42. Ne5 Kg5 43. Nxf7+ Kg6 44. Ne5+ Kg7 45. Nd3 Re8 46. Rh1 Re7 47. Rh5 Rf7
48. b4 Nc7 49. Ne5 Rf6 50. Nd7 Rf7 51. Ne5 Rf6 52. Nd7 Rf7 53. Ne5 Rf8 54. Nd3
Nb5 55. Nc1 Nc3 56. Ke1 Kg6 57. Rh1 Re8 58. Kd2 Na4 59. Ne2 Nb2 60. Nf4+ Kg7 61.
Ng2 Nc4+ 62. Kd3 Ra8 63. Rb1 b5 64. Ne1 Kf6 65. Nc2 Rg8 66. Rg1 h5 67. Rh1 Rxg3
68. Rxh5 Rxf3 69. Rh6+ Kg5 70. Rxc6 f4 71. Rc5 Nxe3 72. Nxe3 Rxe3+ 73. Kd2 Kg4
74. Rxd5 Rh3 75. Rxb5 Rh2+ 76. Kd3 Rxa2 77. Rb8 Ra1 78. Rh8 a2 79. Rg8+ Kf3 80.
Kc2 Re1 0-1

[Event "World Blitz 2025"]
[Site "Doha QAT"]
[Date "2025.12.29"]
[Round "4.50"]
[White "Tabatabaei, M. Amin"]
[Black "Davtyan, Artur"]
[Result "1-0"]
[WhiteTitle "GM"]
[BlackTitle "IM"]
[WhiteElo "2700"]
[BlackElo "2474"]
[WhiteFideId "12521213"]
[BlackFideId "13308327"]
[EventDate "2025.12.29"]

1. d4 Nf6 2. Nc3 d5 3. Bf4 e6 4. Nb5 Na6 5. e3 Be7 6. Nf3 c6 7. Nc3 Nb8 8. h4 c5
9. Nb5 Na6 10. c3 Qb6 11. a4 h6 12. Ne5 Bd7 13. Nxd7 Nxd7 14. Bd3 Qc6 15. Qg4 c4
16. Bc2 g6 17. O-O h5 18. Qg3 Kf8 19. Rfe1 Nf6 20. Be5 Rh7 21. f3 Ne8 22. e4 Kg8
23. Re2 Bf8 24. Bf4 Nf6 25. Rae1 dxe4 26. fxe4 Ng4 27. e5 Bh6 28. Be4 Qd7 29.
Bf3 Bxf4 30. Qxf4 Nh6 31. Nd6 Nf5 32. Bxb7 Nxd6 33. Bxa8 Nf5 34. Be4 Nc7 35.
Bxf5 gxf5 36. Re3 Nd5 37. Rg3+ Kf8 38. Qg5 Ne7 39. Qf6 a5 40. Kh2 Qb7 41. Re2
Qc6 42. Rd2 Qd5 43. Kh1 Qd7 44. Qg5 Qd5 45. Qf4 Rh8 46. Qf3 Qxf3 47. gxf3 Nd5
48. Kh2 Ke7 49. Rg5 Nf4 50. Kg3 Nd3 51. f4 Rb8 52. Rxh5 Rxb2 53. Rxb2 Nxb2 54.
Rh8 Nxa4 55. h5 Nxc3 56. h6 Ne2+ 57. Kf3 Nxd4+ 58. Ke3 Nc2+ 1-0

[Event "World Blitz 2025"]
[Site "Doha QAT"]
[Date "2025.12.29"]
[Round "4.51"]
[White "Theodorou, Nikolas"]
[Black "Mamedov, Edgar"]
[Result "1-0"]
[WhiteTitle "GM"]
[BlackTitle "GM"]
[WhiteElo "2652"]
[BlackElo "2492"]
[WhiteFideId "4262875"]
[BlackFideId "13739980"]
[EventDate "2025.12.29"]

1. d4 Nf6 2. Nf3 b6 3. c4 Bb7 4. Nc3 g6 5. Qc2 d5 6. cxd5 Nxd5 7. e4 Nxc3 8.
bxc3 Bg7 9. Bb5+ c6 10. Bc4 O-O 11. O-O b5 12. Bb3 Nd7 13. a4 a6 14. axb5 cxb5
15. Bg5 Rc8 16. Rfd1 Nf6 17. Re1 Qc7 18. Rac1 Qd8 19. h3 Qc7 20. Qd3 Rfe8 21. c4
bxc4 22. Bxc4 Qa5 23. Ne5 Rxc4 24. Qxc4 Rf8 25. Bxf6 exf6 26. Nd7 Re8 27. Qc7
Qxc7 28. Rxc7 Bd5 29. Nb6 Bxe4 30. d5 Bf8 31. f3 Bd6 32. Rc6 Bg3 33. Rxe4 Rb8
34. Kf1 f5 35. Rec4 Kg7 36. d6 a5 37. d7 a4 38. Rxa4 1-0

[Event "World Blitz 2025"]
[Site "Doha QAT"]
[Date "2025.12.29"]
[Round "4.52"]
[White "Siddharth, Jagadeesh"]
[Black "Adhiban, Baskaran"]
[Result "0-1"]
[WhiteTitle "GM"]
[BlackTitle "GM"]
[WhiteElo "2489"]
[BlackElo "2557"]
[WhiteFideId "5818320"]
[BlackFideId "5018471"]
[EventDate "2025.12.29"]

1. c4 e6 2. g3 d5 3. Bg2 Nf6 4. Nf3 d4 5. e3 Nc6 6. O-O e5 7. d3 Bc5 8. exd4
Bxd4 9. Nbd2 a5 10. Nxd4 Nxd4 11. Nb3 O-O 12. Nxd4 Qxd4 13. Qb3 a4 14. Qa3 Rd8
15. Rd1 Ng4 16. Rd2 Ra6 17. Qe7 Rf6 18. Re2 h6 19. h3 Rxf2 20. Be3 Rxg2+ 21.
Kxg2 Qxd3 22. Rae1 Nf6 23. Qxe5 Bd7 24. Rd2 Qxc4 25. Kh2 Re8 26. Qd4 Qe6 27. g4
c5 28. Qf4 Ne4 29. Bg1 Bc6 30. Rde2 b6 31. Bf2 g5 32. Qe3 Qd6+ 33. Bg3 Qd5 34.
Qg1 Re6 0-1

[Event "World Blitz 2025"]
[Site "Doha QAT"]
[Date "2025.12.29"]
[Round "4.53"]
[White "Sanal, Vahap"]
[Black "Smirnov, Mark"]
[Result "0-1"]
[WhiteTitle "GM"]
[BlackTitle "FM"]
[WhiteElo "2546"]
[BlackElo "2420"]
[WhiteFideId "6300545"]
[BlackFideId "13764594"]
[EventDate "2025.12.29"]

1. e4 d6 2. d4 Nf6 3. Bd3 e5 4. c3 Nbd7 5. Nf3 g6 6. O-O Bg7 7. Be3 O-O 8. Nbd2
c6 9. a4 Re8 10. Re1 Qc7 11. h3 d5 12. dxe5 dxe4 13. Nxe4 Nxe4 14. Bxe4 Nxe5 15.
Bf4 Nxf3+ 16. Qxf3 Be5 17. Bc2 Bd7 18. Rxe5 Rxe5 19. Bb3 Rf8 20. Rd1 Be6 21. Qg3
Bxb3 22. Bxe5 Qa5 23. Rd4 f6 24. Bc7 Qg5 25. Qd6 Kg7 26. f4 Qg3 27. Rd3 Qe1+ 28.
Kh2 Rf7 29. Bd8 Bd5 30. Rg3 Qe6 31. Qxe6 Bxe6 32. Re3 Bb3 33. a5 Rd7 34. Be7 b6
35. axb6 axb6 36. Ba3 Rd2 37. Kg1 Bd5 38. g4 g5 39. f5 h5 40. Re7+ Bf7 41. Rb7
hxg4 42. hxg4 b5 43. Rc7 Re2 44. Rxc6 Re4 45. Bc5 Rxg4+ 46. Kh2 Rf4 47. Bd4 Rxf5
48. b3 Bxb3 49. Kg3 Kg6 50. Rc8 Rf1 51. Kg2 Rf4 52. Rc5 Bc4 53. Be3 Re4 54. Kf3
Re6 55. Bd4 f5 56. Rc8 Bd5+ 57. Kf2 f4 58. Rc5 Bc6 59. Be5 Kf5 60. Bc7+ Kg4 61.
Bd8 Rg6 62. Bxg5 Rd6 63. Be7 Re6 64. Bd8 f3 65. Rg5+ Kf4 66. Rg8 Re2+ 67. Kf1
Bd5 68. Rf8+ Kg4 69. Bc7 Bc4 70. Kg1 Rg2+ 71. Kh1 Bd5 72. Rf4+ Kg5 73. Rd4 Bc6
74. Bd8+ Kf5 75. Rd6 f2 76. Rf6+ Ke5 0-1

[Event "World Blitz 2025"]
[Site "Doha QAT"]
[Date "2025.12.29"]
[Round "4.54"]
[White "So, Wesley"]
[Black "Kadric, Denis"]
[Result "1-0"]
[WhiteTitle "GM"]
[BlackTitle "GM"]
[WhiteElo "2753"]
[BlackElo "2543"]
[WhiteFideId "5202213"]
[BlackFideId "14403803"]
[EventDate "2025.12.29"]

1. d4 d6 2. e4 Nf6 3. Nc3 e5 4. Nf3 Nbd7 5. Rg1 h5 6. Bc4 Be7 7. h3 c6 8. Bb3 b5
9. a3 Qc7 10. g4 hxg4 11. hxg4 exd4 12. Nxd4 Nc5 13. Qf3 Nxb3 14. cxb3 Nd7 15.
Nf5 Ne5 16. Qg3 Bxf5 17. gxf5 O-O-O 18. Bf4 Bf6 19. O-O-O Qb7 20. Qe3 Qb6 21.
Qe2 Rh3 22. Be3 Qc7 23. f4 Nd7 24. Bd4 Re8 25. Bxf6 Nxf6 26. Rxg7 a5 27. Qg2 Re3
28. Qd2 Rxc3+ 29. Qxc3 Nxe4 30. Qc2 d5 31. Kb1 Re7 32. Rh1 Kb7 33. Rh6 d4 34.
Rg8 c5 35. Qd3 Qd7 36. Ka1 Nd6 37. Rxd6 1-0

[Event "World Blitz 2025"]
[Site "Doha QAT"]
[Date "2025.12.29"]
[Round "4.55"]
[White "Zhang, Zhong"]
[Black "Aronian, Levon"]
[Result "0-1"]
[WhiteTitle "GM"]
[BlackTitle "GM"]
[WhiteElo "2561"]
[BlackElo "2729"]
[WhiteFideId "8600694"]
[BlackFideId "13300474"]
[EventDate "2025.12.29"]

1. e4 e6 2. d4 d5 3. exd5 exd5 4. Nf3 Bd6 5. c4 c6 6. Nc3 Ne7 7. h3 O-O 8. Be2
dxc4 9. Bxc4 Na6 10. O-O Nc7 11. Re1 Be6 12. Bd3 Bf5 13. Ne4 Ncd5 14. a3 Bf4 15.
Nc5 b6 16. Ne4 Ng6 17. Nc3 Bxd3 18. Qxd3 Rc8 19. g3 Bb8 20. Qf5 Nxc3 21. bxc3
Qd5 22. Qd3 c5 23. Kg2 cxd4 24. cxd4 Bd6 25. a4 Rc4 26. Bd2 Ne5 27. Qe4 Qxe4 28.
Rxe4 Nxf3 29. Kxf3 f5 30. Re2 Rxd4 31. Be3 Rd5 32. a5 bxa5 33. Bxa7 f4 34. g4
Rd3+ 35. Ke4 Rxh3 36. f3 Re8+ 37. Kd3 Rxf3+ 0-1

[Event "World Blitz 2025"]
[Site "Doha QAT"]
[Date "2025.12.29"]
[Round "4.56"]
[White "Dlugy, Maxim"]
[Black "Sarana, Alexey"]
[Result "1/2-1/2"]
[WhiteTitle "GM"]
[BlackTitle "GM"]
[WhiteElo "2502"]
[BlackElo "2673"]
[WhiteFideId "2000075"]
[BlackFideId "24133795"]
[EventDate "2025.12.29"]

1. d4 Nf6 2. Bf4 d5 3. e3 e6 4. Nd2 Bd6 5. Bg3 O-O 6. Ngf3 c5 7. c3 Qc7 8. Rc1
c4 9. Qc2 Nbd7 10. e4 Nxe4 11. Nxe4 dxe4 12. Qxe4 Nf6 13. Qc2 b5 14. Be2 Bb7 15.
O-O h6 16. Rfe1 Be4 17. Qd1 Rad8 18. Ne5 a6 19. Bf3 Bxf3 20. Qxf3 Nd5 21. Ng4
Bf4 22. Rcd1 a5 23. Ne5 Bxg3 24. hxg3 b4 25. g4 Rc8 26. Rc1 Qe7 27. Qe2 Qg5 28.
g3 Rc7 29. cxb4 axb4 30. Rxc4 Rxc4 31. Nxc4 Ra8 32. a3 bxa3 33. bxa3 Nf6 34. Qf3
Rd8 35. Ne5 Qd2 36. Rd1 Qc2 37. Rd3 Rb8 38. Kg2 Qa2 39. Rc3 Qa1 40. Rc7 Rf8 41.
Qc3 Qd1 42. Rc8 Qa4 43. Rxf8+ Kxf8 44. Qb4+ Qxb4 45. axb4 Nd5 46. b5 Ke7 47. Kf3
f6 48. Nc4 Kd7 49. Ke4 Nc3+ 50. Kd3 Nxb5 51. Ne3 Nd6 52. f4 Kc6 53. Nd1 Nb5 54.
Ne3 Nd6 55. Nd1 g6 56. Ne3 h5 57. gxh5 gxh5 58. f5 exf5 59. Ke2 Ne4 60. Kf3 Ng5+
61. Kf4 Ne6+ 62. Kxf5 Nxd4+ 63. Kxf6 Ne2 64. Nf5 Nxg3 65. Nxg3 Kd5 66. Nxh5 1/2-1/2

[Event "World Blitz 2025"]
[Site "Doha QAT"]
[Date "2025.12.29"]
[Round "4.57"]
[White "Sasikiran, Krishnan"]
[Black "Martinez Alcantara, Jose Eduardo"]
[Result "0-1"]
[WhiteTitle "GM"]
[BlackTitle "GM"]
[WhiteElo "2538"]
[BlackElo "2667"]
[WhiteFideId "5004985"]
[BlackFideId "3805662"]
[EventDate "2025.12.29"]

1. e4 c5 2. Nf3 d6 3. d4 cxd4 4. Nxd4 Nf6 5. Nc3 Nc6 6. g3 g6 7. Nxc6 bxc6 8. e5
dxe5 9. Qxd8+ Kxd8 10. Bg2 Kc7 11. O-O Rb8 12. Re1 Nd7 13. b3 e6 14. Bb2 f6 15.
Ne4 Be7 16. Rad1 Rd8 17. f4 f5 18. Ng5 Bxg5 19. fxg5 e4 20. Kf2 Re8 21. Rd2 e5
22. Red1 c5 23. h4 Rb6 24. Ke3 Re7 25. Bc3 Nb8 0-1

[Event "World Blitz 2025"]
[Site "Doha QAT"]
[Date "2025.12.29"]
[Round "4.58"]
[White "Bjerre, Jonas Buhl"]
[Black "Maghsoodloo, Parham"]
[Result "1/2-1/2"]
[WhiteTitle "GM"]
[BlackTitle "GM"]
[WhiteElo "2623"]
[BlackElo "2708"]
[WhiteFideId "1444948"]
[BlackFideId "12539929"]
[EventDate "2025.12.29"]

1. e4 c5 2. Nf3 d6 3. d4 cxd4 4. Qxd4 Nf6 5. Nc3 Nc6 6. Qe3 g6 7. h3 Bg7 8. Bc4
O-O 9. O-O Na5 10. Be2 a6 11. Rd1 Qc7 12. a4 b6 13. Qf4 Bb7 14. Qh4 Nc4 15. Rd4
Ne5 16. Nxe5 dxe5 17. Rc4 Qd6 18. Be3 Rac8 19. Rd1 Qe6 20. Rb4 Rc6 21. Bg4 Nxg4
22. hxg4 a5 23. Rb3 Bf6 24. g5 Bg7 25. Qh3 Qc4 26. Nd5 Qxc2 27. Nxe7+ Kh8 28.
Rbd3 Bc8 29. Qh4 Rc4 30. b3 Rc7 31. Rd8 Rxe7 32. Rxf8+ Bxf8 33. Rd8 Kg8 34. Qh6
Qd1+ 35. Rxd1 Bxh6 36. Rd8+ Bf8 37. Rxc8 Rb7 38. Rd8 Kg7 39. Rd5 Bc5 40. Bxc5
bxc5 41. Rxc5 Rxb3 42. Rxa5 Rb1+ 43. Kh2 Ra1 44. Ra7 Ra3 45. f3 Ra1 46. g3 Ra3
47. Kg2 Ra2+ 48. Kh3 Kg8 49. Kg4 Ra3 50. a5 Ra4 51. a6 Kg7 52. Kh3 Ra3 53. Kg4
Ra4 54. Ra8 h5+ 55. gxh6+ Kxh6 56. a7 Kg7 57. f4 exf4 58. gxf4 Ra1 59. Kf3 Ra3+
60. Ke2 Ra1 61. Kd3 Ra3+ 62. Kd4 Ra1 63. Kd5 Rd1+ 64. Kc6 Rc1+ 65. Kd7 Rd1+ 66.
Ke7 Ra1 67. f5 gxf5 68. exf5 Re1+ 69. Kd6 Rd1+ 70. Ke5 Re1+ 71. Kf4 Rf1+ 72. Ke4
Re1+ 73. Kd3 Rd1+ 74. Ke2 Ra1 75. Kf3 Kf6 76. Kf4 Ra4+ 77. Kf3 Ra1 78. Kf4 1/2-1/2

[Event "World Blitz 2025"]
[Site "Doha QAT"]
[Date "2025.12.29"]
[Round "4.59"]
[White "Gurel, Ediz"]
[Black "Mamedyarov, Shakhriyar"]
[Result "1-0"]
[WhiteTitle "GM"]
[BlackTitle "GM"]
[WhiteElo "2645"]
[BlackElo "2730"]
[WhiteFideId "44507356"]
[BlackFideId "13401319"]
[EventDate "2025.12.29"]

1. e4 d6 2. d4 Nf6 3. Nc3 e5 4. Nf3 Nbd7 5. h3 c6 6. Be3 Be7 7. g4 h6 8. Bg2 b5
9. a3 a5 10. O-O Bb7 11. Nd2 O-O 12. f4 exd4 13. Bxd4 b4 14. axb4 axb4 15. Ne2
c5 16. Be3 Re8 17. Ng3 Rxa1 18. Qxa1 g6 19. Qd1 Bf8 20. Kh2 Bg7 21. Bg1 Nf8 22.
Nc4 Nxe4 23. Nxe4 Bxe4 1-0